00534cam a22001931a 450000100060000000300080000600500170001400800390003103500190007003500190008904000420010804100080015008200240015810000350018224500470021726000450026430000210030965000100033018153BD-RjUL20211209000238.0140219s1944 nyu 000 1 eng a(BD-RjUL)18211 a(OCoLC)1495860 aDLCcFMdOCoLCdOUdDLCdBD-RjULbeng aeng00220a813.5bWIM 19441 aWilson, Charles Morrow,d1905-12aA man's reach /cby Charles Morrow Wilson. aNew York :bH. Holt and Company,cc1944. a288 p. ;c22 cm. 0aReach